Viac ako polovica produkcie slovenského drevospracujúceho priemyslu ide na vývoz
Séria článkov. Väčšina drevospracujúcich podnikov na Slovensku je sprivatizovaná. Pozitívny vývoj na domácom trhu od r. 1994. Dôraz na vývoz. Najväčší výrobcovia nábytku SR. Výroba tovaru. Počet zamestnancov. Úspešné štruktúrne zmeny v spoločnosti Holding nábytok, a.s. Pravenec. Mier, a.s. Topoľčany...
Guardado en:
| Formato: | Capítulo de libro |
|---|---|
| Lenguaje: | eslovaco |
| Materias: | |
| Etiquetas: |
Sin Etiquetas, Sea el primero en etiquetar este registro!
|
MARC
| LEADER | 00000naa a2200000 4500 | ||
|---|---|---|---|
| 001 | r020265 | ||
| 005 | 20230921074301.9 | ||
| 041 | 0 | |a slo | |
| 044 | |a SK | ||
| 245 | 1 | 0 | |a Viac ako polovica produkcie slovenského drevospracujúceho priemyslu ide na vývoz |
| 520 | |a Séria článkov. Väčšina drevospracujúcich podnikov na Slovensku je sprivatizovaná. Pozitívny vývoj na domácom trhu od r. 1994. Dôraz na vývoz. Najväčší výrobcovia nábytku SR. Výroba tovaru. Počet zamestnancov. Úspešné štruktúrne zmeny v spoločnosti Holding nábytok, a.s. Pravenec. Mier, a.s. Topoľčany si buduje vlastnú obchodnú sieť. Sanas, s.r.o. Sabinov sa vrátila na trh. Cech stolárov Slovenska združuje takmer 300 podnikateľských subjektov. | ||
| 610 | 2 | 0 | |a Slovensko |
| 610 | 2 | 0 | |a priemysel drevársky |
| 610 | 2 | 0 | |a vývoz |
| 610 | 2 | 0 | |a podnik súkromný |
| 610 | 2 | 0 | |a výsledok hospodársky |
| 610 | 2 | 0 | |a údaje štatistické |
| 610 | 2 | 0 | |a výroba nábytku |
| 610 | 2 | 0 | |a reštrukturalizácia |
| 610 | 2 | 0 | |a 1991-1995 |
| 610 | 2 | 0 | |a Holding nábytok, a.s. Pravenec |
| 610 | 2 | 0 | |a Mier, a.s. Topoľčany |
| 610 | 2 | 0 | |a Sanas, s.r.o. Sabinov |
| 610 | 2 | 0 | |a Cech stolárov Slovenska |
| 610 | 2 | 0 | |a výrobcovia |